| 000 | 06342cam a22018254i 4500 | ||
|---|---|---|---|
| 003 | PE-LiUPU | ||
| 005 | 20250813165900.0 | ||
| 008 | 150706s2011 pe a rb 000 0 spa d | ||
| 020 | _a997225447X | ||
| 020 | _a9789972254475 | ||
| 035 | _a(Sirsi) i9789972254475 | ||
| 040 |
_aPE-LiUPU _bspa _cPE-LiUPU _dPE-LiUPU _erda |
||
| 049 | _aPRUA | ||
| 082 | 0 | 4 |
_a658.382 _bA31 _221 |
| 100 | 1 |
_aAguirre Gómez, Janet, _eautor. |
|
| 245 | 1 | 0 |
_aAnálisis de las normas técnicas del seguro complementario de trabajo de riesgo-SCTR : _bel trabajador.después de un accidente de trabajo o enfermedad profesional / _cJanet Aguirre Gómez. |
| 264 | 1 |
_aLima : _beditorial: University of Graphic, _c2011. |
|
| 300 |
_a117 páginas : _bilustraciones ; _c26 centímetros. |
||
| 336 |
_atext _2rdacontent |
||
| 337 |
_aunmediated _2rdamedia |
||
| 338 |
_avolume _2rdacarrier |
||
| 504 | _aIncluye bibliografía. | ||
| 505 | 0 | _aLa universalización de los sistemas, en un marco de equidad, solidaridad, eficiencia y facilidad de acceso a los servicios de salud -- La cobertura Supletoria como protección al trabajador y su familia, de empleadores morosos -- Las entidades empleadoras que omitan la inscripción en la Registro Único de Empresa de Riesgo, los trabajadores y sus beneficiarios tienen acción directa contra la entidad empleadora -- Empleados y obreros de entidades empleadoras que realizan las actividades descritas en el anexo 5 -- Los accidentes de trabajo no cubiertos por el SCTR, serán tratados como accidente o enfermedad común, bajo su régimen pensionarios AFP u ONP -- Entidades empleadoras obligadas a contratar el SCTR, así como las empresas de intermediación o provisión de personal -- Las empresas están obligadas a verificar que los trabajadores destacados a su centro de trabajo, deben estar afiliados a SCTR, bajo pena de responsabilidad solidaria -- La entidad empleadora es responsable ante el IPSS (ESSALUD) o la ONP del costo de las prestaciones -- El incumplimiento de las normas de salud ocupacional es considerado como negligencia grave de la entidad empleadora -- Atención médica de cualquier complejidad hasta la recuperación total del asegurado -- Subsidios económicos otorgados poe el seguro Social de Salud (ESSALUD) -- El asegurado comunicará el accidente de trabajo a su empleador -- La entidad empleadora comunicará el accidente de trabajo a su empleador -- La entidad emperadora comunicará el accidente a ESSALUD o EPS -- Presentaciones económicas del SCTR. El IPSS (ESSALUD),ONP, EPS y las Compañías de Seguros, deben registrar obligatoriamente la siniestralidad de accidentes de trabajo y enfermedades profesionales -- El ministerio de trabajo y Promoción social supervisará las obligaciones de los empleadores respecto al SCTR -- La nueva ley de inspecciones y el reglamento de Seguridad en el trabajo -- ¿Cómo se está evaluando la invalidez en el sctr? -- Las empresas comprendidas en el Anexo 5 están obligadas a difundir a sus trabajadores las coberturas y procedimientos del SCTR. | |
| 526 | _aP203 | ||
| 526 | _aP200 | ||
| 526 | _aSEG65 | ||
| 526 | _aSEG64 | ||
| 526 | _aSEG63 | ||
| 526 | _aSEG62 | ||
| 526 | _aSEG61 | ||
| 526 | _aSEG60 | ||
| 526 | _aSEG59 | ||
| 526 | _aSEG58 | ||
| 526 | _aSEG57 | ||
| 526 | _aSEG56 | ||
| 526 | _aSEG55 | ||
| 526 | _aSEG54 | ||
| 526 | _aSEG53 | ||
| 526 | _aSEG52 | ||
| 526 | _aSEG51 | ||
| 526 | _aSEG50 | ||
| 526 | _aSEG49 | ||
| 526 | _aSEG48 | ||
| 526 | _aSEG47 | ||
| 526 | _aSEG46 | ||
| 526 | _aSEG24 | ||
| 526 | _aSEG23 | ||
| 526 | _aSEG22 | ||
| 526 | _aSEG21 | ||
| 526 | _aSEG20 | ||
| 526 | _aSEG19 | ||
| 526 | _aSEG18 | ||
| 526 | _aSEG17 | ||
| 526 | _aSEG16 | ||
| 526 | _aSEG14 | ||
| 526 | _aSEG13 | ||
| 526 | _aSEG12 | ||
| 526 | _aSEG11 | ||
| 526 | _aSEG10 | ||
| 526 | _aSEG09 | ||
| 526 | _aSEG06 | ||
| 526 | _aSEG05 | ||
| 526 | _aSEG04 | ||
| 526 | _aSEG03 | ||
| 526 | _aSEG02 | ||
| 526 | _aSEG68 | ||
| 526 | _aSEG66 | ||
| 526 | _aSEG45 | ||
| 526 | _aSEG25 | ||
| 526 | _aSEG01 | ||
| 526 | _aP163 | ||
| 526 | _aP162 | ||
| 526 | _aP161 | ||
| 526 | _aP160 | ||
| 526 | _aP159 | ||
| 526 | _aP158 | ||
| 526 | _aP157 | ||
| 526 | _aP156 | ||
| 526 | _aP155 | ||
| 526 | _aP154 | ||
| 526 | _aP153 | ||
| 526 | _aP152 | ||
| 526 | _aP151 | ||
| 526 | _aP150 | ||
| 526 | _aP149 | ||
| 526 | _aP142 | ||
| 526 | _aP141 | ||
| 526 | _aP140 | ||
| 526 | _aP139 | ||
| 526 | _aP138 | ||
| 526 | _aP137 | ||
| 526 | _aP132 | ||
| 526 | _aP131 | ||
| 526 | _aP130 | ||
| 526 | _aP126 | ||
| 526 | _aP125 | ||
| 526 | _aP124 | ||
| 526 | _aP123 | ||
| 526 | _aP115 | ||
| 526 | _aP122 | ||
| 526 | _aP121 | ||
| 526 | _aP116 | ||
| 526 | _a P114 | ||
| 526 | _aP112 | ||
| 526 | _aP111 | ||
| 526 | _aP104 | ||
| 526 | _aP103 | ||
| 526 | _aP102 | ||
| 526 | _aP101 | ||
| 526 | _aP100 | ||
| 526 | _aP96 | ||
| 526 | _aP95 | ||
| 526 | _aP93 | ||
| 526 | _aP92 | ||
| 526 | _aP91 | ||
| 526 | _aP88 | ||
| 526 | _aP83 | ||
| 526 | _aP82 | ||
| 526 | _aP79 | ||
| 526 | _aP78 | ||
| 526 | _aP75 | ||
| 526 | _aP74 | ||
| 526 | _aP71 | ||
| 526 | _aP69 | ||
| 526 | _a P51 | ||
| 526 | _aP49 | ||
| 526 | _aP48 | ||
| 526 | _aP47 | ||
| 526 | _aP33 | ||
| 526 | _aP31 | ||
| 526 | _a P30 | ||
| 526 | _aP29 | ||
| 526 | _aP27 | ||
| 526 | _aP26 | ||
| 526 | _aP25 | ||
| 526 | _aP24 | ||
| 526 | _a P22 | ||
| 526 | _aP10 | ||
| 526 | _aP09 | ||
| 526 | _a P08 | ||
| 526 | _aP06 | ||
| 526 | _aP05 | ||
| 526 | _aP04 | ||
| 526 | _aP01 | ||
| 541 | _g001-0036246; | ||
| 650 | 1 | 4 |
_aAccidentes de trabajo _xLegislación _zPerú. |
| 650 | 2 | 4 |
_aSalud ocupacional _xLegislación _zPerú. |
| 650 | 2 | 4 |
_aSeguridad social _xLegislación _zPerú, |
| 910 | _agl20121018 | ||
| 942 |
_2ddc _cBOOK |
||
| 949 |
_a658.382 A31 _wDEWEY _c1 _i65655 _lCCODEBUL1 _mBUL _p12.00 _r0 _sY _tBOOK _u2015-7-6 _xINGENIERIA _PP24 _o.STAFF. Colección Ciencias Empresariales |
||
| 994 |
_aC0 _bPEPRU |
||
| 596 | _a1 | ||
| 999 |
_a658.382 A31 _wDEWEY _c54095 _i65655 _f2021-11-8 _g6 _lCCODEBUL1 _mBUL _p12.00 _r0 _sY _tBOOK _u2015-7-6 _xFCE _zP24 _0COMPRA _o.STAFF. Colección Ciencias Empresariales _d54095 |
||
| 980 |
_81 _gALBERTO SANCHEZ Responsable de Automatización |
||